Capital / (Record no. 33730)
[ view plain ]
| 000 -CABECERA | |
|---|---|
| campo de control de longitud fija | 00839nam a2200253 a 4500 |
| 005 - FECHA Y HORA DE LA ÚLTIMA TRANSACCIÓN | |
| campo de control | 20240911064745.0 |
| 008 - ELEMENTOS DE LONGITUD FIJA--INFORMACIÓN GENERAL | |
| campo de control de longitud fija | 991125s1990 chi 000 0 eng u |
| 020 ## - NÚMERO INTERNACIONAL NORMALIZADO PARA LIBROS | |
| Número Internacional Estándar del Libro | 0852295316 |
| 035 ## - NÚMERO DE CONTROL DEL SISTEMA | |
| Número de control de sistema | UPN01000033730 |
| 049 ## - COLECCIÓN | |
| Colección | CG |
| 050 #4 - SIGNATURA TOPOGRÁFICA DE LA BIBLIOTECA DEL CONGRESO | |
| Número de clasificación | AC1 |
| Número de documento/Ítem | G7 1990 v.50 |
| 100 1# - ASIENTO PRINCIPAL--NOMBRE PERSONAL | |
| Nombre de persona | Marx, Karl, |
| Fechas asociadas al nombre | 1818-1883 |
| 245 10 - MENCIÓN DE TÍTULO | |
| Título | Capital / |
| Mención de responsabilidad, etc. | Karl Marx ; ed. Friedrich Engels ; tr. from the third german edition by Samuel Moore. |
| 250 ## - MENCIÓN DE EDICIÓN | |
| Mención de edición | 2nd ed. |
| 260 ## - PUBLICACIÓN, DISTRIBUCIÓN, ETC. | |
| Lugar de publicación, distribución, etc. | Chicago, EUA : |
| Nombre del editor, distribuidor, etc. | Encyclopaedia Britannica, |
| Fecha de publicación, distribución, etc. | 1990. |
| 300 ## - DESCRIPCIÓN FÍSICA | |
| Extensión | xi, 434 p. |
| 440 #0 - MENCIÓN DE SERIE/ASIENTO SECUNDARIO--TÍTULO | |
| Título | Great books of the western world ; |
| Designación de volumen o secuencia | 50 |
| 501 ## - NOTA DE "CON" | |
| Nota de “Con” | Con: Manifiesto of the communist party / by Karl Marx and Friedrich Engels |
| 500 ## - NOTA GENERAL | |
| Nota general | Biografía del autor: p. v-vi |
| 650 #4 - ASIENTO SECUNDARIO DE MATERIA - TERMINO TEMATICO | |
| Término de materia o nombre geográfico como elemento de entrada | Capitalismo |
| 9 (RLIN) | 6436 |
| 650 #2 - ASIENTO SECUNDARIO DE MATERIA - TERMINO TEMATICO | |
| Término de materia o nombre geográfico como elemento de entrada | Ciencia |
| Subdivisión de forma | Colecciones |
| 9 (RLIN) | 9879 |
| 650 #4 - ASIENTO SECUNDARIO DE MATERIA - TERMINO TEMATICO | |
| Término de materia o nombre geográfico como elemento de entrada | Comunismo |
| 9 (RLIN) | 6792 |
| 905 ## - TIPO DE MATERIAL | |
| Tipo de material | Libro |
| Estado de retiro | Estado de pérdida | Fuente del sistema de clasificación o colocación | Estado dañado | No para préstamo | Código de colección | Localización permanente | Ubicación/localización actual | Ubicación en estantería | Fecha de adquisición | Enumeración/cronología de publicación seriada | Total de préstamos | Clasificación | Código de barras | Fecha visto por última vez | Número de copia | Tipo de ítem Koha |
|---|---|---|---|---|---|---|---|---|---|---|---|---|---|---|---|---|
| Library of Congress Classification | Disponible (Préstamo en sala) | Consulta | Bib. Gregorio Torres Quintero | Bib. Gregorio Torres Quintero | Sala de lectura Sótano | 30/06/2023 | v.50 - | 2 | AC1 G7 1990 v.50 | 159978 | 31/12/2020 | 1 | Libro |
